| 000 | 00532nam a22001937a 4500 | ||
|---|---|---|---|
| 003 | KOHA_MİRAKIL | ||
| 005 | 20241004081525.0 | ||
| 008 | 241004b tu ||||| |||| 00| 0 tur d | ||
| 020 | _a9786050651447 | ||
| 040 |
_aTR-AnABB _btur _cTR-AnABB |
||
| 041 | _atur | ||
| 082 |
_a823.914 _bORW 2021 |
||
| 100 | 1 |
_aOrwell, George, _d1903-1950 |
|
| 245 | 1 | 0 |
_aHayvan çiftliği / _cGeorge Orwell |
| 260 |
_aAnkara : _bSpesifik, _c2021 |
||
| 300 |
_a124 sayfa ; _c21 cm |
||
| 650 | 0 | 0 | _aİngiliz edebiyatı, roman |
| 942 |
_2ddc _cBK |
||
| 999 |
_c7784 _d7784 |
||
| 900 | _bCan Çelik | ||